000 00426nam a2200157Ia 4500
008 240729s9999 xx 000 0 und d
022 _a2055-1029
245 0 _aHealth Psychology Open
260 _aUnited Kingdom
260 _bSAGE Publishing
650 _a Psychology
650 _aPhilosophy. Psychology. Religion
856 _uhttps://doaj.org/toc/b75c65d308054f059ecd3c0046799260
942 _2ddc
942 _cDOAJEJ
999 _c67675
_d67675
945 _a1
_bMadushi Gamage
_c1
_dMadushi Gamage